Statistiken für Geographie nach Bild - E

Klicken Sie hier um das Quiz zu spielen!

Allgemein

  • Dieses Quiz wurde 1,199 mal gespielt
  • Das Durchschnittsergebnis liegt bei 11 aus 18

Antwortstatistiken

Answer % Korrekt
Eiffelturm
99%
Europäische Union
99%
Empire State Building
85%
Essen
83%
Estland
78%
England
72%
Emmental
66%
Elbe
66%
Elfenbeinküste
63%
Everest
61%
Everglades
59%
{Erie}see
57%
Euphrat
53%
Edinburgh
45%
Edmonton
43%
Essex
43%
Elbrus
32%
Ecuador
32%

Verteilung der Resultate

Perzentil nach korrekt beantworteten Fragen

Anzahl Personen mit jedem Resultat

Ihre Resultats-Entwicklung

Sie haben dieses Quiz noch nicht gespielt